Politics in Germany : (Record no. 36231)
[ view plain ]
| 000 -LEADER | |
|---|---|
| fixed length control field | 00960nam a2200277 a 4500 |
| 001 - CONTROL NUMBER | |
| control field | 36231 |
| 003 - CONTROL NUMBER IDENTIFIER | |
| rucl marc code | BD-RjUL |
| 005 - DATE AND TIME OF LATEST TRANSACTION | |
| control field | 20211209052445.0 |
| 008 - FIXED-LENGTH DATA ELEMENTS--GENERAL INFORMATION | |
| fixed length control field | 140618s1968 e b b 001 0 eng d |
| 035 ## - SYSTEM CONTROL NUMBER | |
| System control number | 68-31592 |
| -- | (BD-RjUL)36328 |
| 040 ## - CATALOGING SOURCE | |
| Original cataloging agency | DLC |
| Transcribing agency | DLC |
| Modifying agency | BD-RjUL |
| Language of cataloging | eng |
| 041 ## - LANGUAGE CODE | |
| Language code of text/sound track or separate title | eng |
| 082 ## - DEWEY DECIMAL CLASSIFICATION NUMBER | |
| Author mark and year | EDP 1968 |
| 100 1# - MAIN ENTRY--PERSONAL NAME | |
| Personal name | Edinger, Lewis J. |
| Fuller form of name | (Lewis Joachim), |
| Dates associated with a name | 1922-2008. |
| 9 (RLIN) | 110267 |
| 245 10 - TITLE STATEMENT | |
| Title | Politics in Germany : |
| Remainder of title | attitudes and processes / |
| Statement of responsibility, etc. | Lewis J. Edinger. |
| 246 34 - VARYING FORM OF TITLE | |
| Title proper/short title | Politics : |
| Remainder of title | Germany |
| Title proper/short title | Germany : |
| Remainder of title | politics |
| 260 ## - PUBLICATION, DISTRIBUTION, ETC. (IMPRINT) | |
| Place of publication, distribution, etc. | Boston : |
| Name of publisher, distributor, etc. | Little, Brown, |
| Date of publication, distribution, etc. | c1968. |
| 300 ## - PHYSICAL DESCRIPTION | |
| Pagination | xviii, 360 p. : |
| Illustrations | maps ; |
| Size | 21 cm. |
| 500 ## - GENERAL NOTE | |
| General note | Second ed. (c1977) published under title: Politics in West Germany. |
| 504 ## - BIBLIOGRAPHY, ETC. NOTE | |
| Bibliography, etc | Includes bibliographical references and index. |
| 651 #0 - SUBJECT ADDED ENTRY--GEOGRAPHIC NAME | |
| Geographic name | Germany (West) |
| General subdivision | Politics and government. |
| 9 (RLIN) | 6529 |
| 830 #0 - SERIES ADDED ENTRY--UNIFORM TITLE | |
| Uniform title | Little, Brown series in comparative politics |
| 942 ## - ADDED ENTRY ELEMENTS (KOHA) | |
| Source of classification or shelving scheme | Dewey Decimal Classification |
| Koha item type | Books |
| Lost status | Source of classification or shelving scheme | Damaged status | Not for loan | Collection code | Permanent Location | Current Location | Shelving location | Date acquired | Source of acquisition | Cost, normal purchase price | Total Checkouts | Full call number | Date last seen | Copy number | Koha item type |
|---|---|---|---|---|---|---|---|---|---|---|---|---|---|---|---|
| Dewey Decimal Classification | Not For Loan | Non-fiction | Central Library, University of Rajshahi | Central Library, University of Rajshahi | Reading Room | 15/01/1975 | M.Obaidul Huq | 0.00 | 320.943 EDP 1968 | 18/06/2014 | C-1 | Books |